| 000 | 00502nam a2200181Ia 4500 | ||
|---|---|---|---|
| 003 | OSt | ||
| 005 | 20210225104056.0 | ||
| 008 | 190216s9999||||xx |||||||||||||| ||und|| | ||
| 020 | _a9788126418633 | ||
| 040 | _coclc | ||
| 082 |
_a954.0357 _bGAN/M |
||
| 100 |
_aGangadharan, M _92076 |
||
| 245 | 4 |
_aThe Malabar Rebellion / _cM Gangadharan |
|
| 260 |
_bDc Books, _aKottayam: _c2008. |
||
| 300 | _a295p | ||
| 650 | _aHistory | ||
| 942 |
_cBK _2ddc _h954.0357 _iGAN/M _k954.0357 _mGAN/M |
||
| 999 |
_c21261 _d21261 |
||